[Event "67th ch-RUS HL 2014"]
[Site "Vladivostok RUS"]
[Date "2014.06.07"]
[Round "4.20"]
[White "Zhurikhin, Alexander"]
[Black "Diu, Viacheslav"]
[Result "1/2-1/2"]
[WhiteTitle "FM"]
[BlackTitle "IM"]
[WhiteElo "2333"]
[BlackElo "2468"]
[WhiteFideId "4139569"]
[BlackFideId "4167465"]
[EventDate "2014.06.04"]

1. e4 e5 2. Nf3 Nc6 3. Nc3 Nf6 4. d4 exd4 5. Nxd4 Bb4 6. Nxc6 bxc6 7. Bd3 d5 8.
exd5 cxd5 9. O-O O-O 10. h3 Re8 11. Bf4 Bd6 12. Qd2 c5 13. Rfd1 Rb8 14. b3 Be6
15. Nb5 Bxf4 16. Qxf4 Re7 17. Nd6 Qc7 18. Qg3 g6 19. Qg5 Kg7 20. Nb5 Qc6 21. Nc3
d4 22. Ne4 Bf5 23. Nxf6 Qxf6 24. Qxf6+ Kxf6 25. Bxf5 Kxf5 26. Kf1 h5 27. Rd3
Rbe8 28. c3 Re2 29. cxd4 cxd4 30. Rxd4 Rb2 31. Rd5+ Kf6 32. Rd3 Ree2 33. Rf3+
Kg5 34. a4 f5 35. Rc1 h4 36. Kg1 a5 37. g3 Rec2 38. Rd1 Rd2 39. Re1 Re2 40. Rc1
Rec2 41. Rxc2 Rxc2 42. Kg2 Rb2 43. Rc3 Kh5 44. Kf3 Kg5 45. Rd3 Kh5 46. g4+ fxg4+
47. hxg4+ Kh6 48. Rc3 g5 49. Kg2 Rb1 50. Rc6+ Kg7 51. Rc5 Kg6 52. Rb5 Kf6 53.
Rf5+ Kg6 54. Rxa5 Rxb3 55. Rb5 Ra3 56. a5 Kf6 1/2-1/2

[Event "67th ch-RUS HL 2014"]
[Site "Vladivostok RUS"]
[Date "2014.06.07"]
[Round "4.21"]
[White "Usmanov, Vasily"]
[Black "Gritsenko, Andrey"]
[Result "1-0"]
[BlackTitle "IM"]
[WhiteElo "2428"]
[BlackElo "2418"]
[WhiteFideId "4135741"]
[BlackFideId "4197933"]
[EventDate "2014.06.04"]

1. d4 d5 2. Nf3 Nf6 3. c4 c6 4. e3 a6 5. Bd2 Ne4 6. Nc3 Nxd2 7. Qxd2 e6 8. Rd1
Nd7 9. e4 Bb4 10. e5 f6 11. a3 Ba5 12. Bd3 fxe5 13. dxe5 O-O 14. b4 Bc7 15. Qe3
Qe7 16. O-O a5 17. Bb1 axb4 18. axb4 g6 19. c5 Qg7 20. Rfe1 Ra3 21. Qc1 Rb3 22.
Nd4 Rxc3 23. Qxc3 Nxe5 24. h3 Qf6 25. Re2 Qh4 26. Qg3 Qh5 27. f4 Nc4 28. Rf1 Qh6
29. Nxe6 Bxe6 30. Rxe6 Nd2 31. Bxg6 Qg7 32. Rf2 Ne4 33. Rxe4 dxe4 34. Qb3+ Kh8
35. Bxe4 Qa1+ 36. Bb1 Qd4 37. g3 b6 38. Qc2 Rf7 39. Kh2 Re7 40. Re2 Rxe2+ 41.
Qxe2 bxc5 42. Qe8+ Kg7 43. Qe7+ Kg8 44. Bxh7+ Kh8 45. Be4 Qf2+ 46. Bg2 Bb6 47.
Qe8+ 1-0

[Event "67th ch-RUS HL 2014"]
[Site "Vladivostok RUS"]
[Date "2014.06.07"]
[Round "4.22"]
[White "Korniushin, Nikolay"]
[Black "Egorov, Dmitry"]
[Result "1/2-1/2"]
[WhiteTitle "IM"]
[BlackTitle "FM"]
[WhiteElo "2357"]
[BlackElo "2343"]
[WhiteFideId "4123808"]
[BlackFideId "4128303"]
[EventDate "2014.06.04"]

1. Nf3 Nf6 2. g3 d5 3. Bg2 e6 4. O-O Be7 5. d4 O-O 6. c4 dxc4 7. Qc2 a6 8. a4
Bd7 9. Qxc4 Bc6 10. Bg5 Nbd7 11. Nc3 Rc8 12. Qd3 Bb4 13. Na2 Be7 14. Nc3 Bb4 15.
Na2 Be7 16. Nc3 Bb4 1/2-1/2

[Event "67th ch-RUS HL 2014"]
[Site "Vladivostok RUS"]
[Date "2014.06.07"]
[Round "4.23"]
[White "Nechaev, Oleg"]
[Black "Nazaretyan, Tigran"]
[Result "1-0"]
[WhiteElo "2331"]
[BlackElo "2195"]
[WhiteFideId "24113409"]
[BlackFideId "24162345"]
[EventDate "2014.06.04"]

1. d4 Nf6 2. c4 d6 3. Nc3 Nbd7 4. e4 e5 5. Nge2 Be7 6. Ng3 O-O 7. Be2 Re8 8. O-O
Bf8 9. d5 a5 10. b3 Nc5 11. Rb1 c6 12. Be3 Bd7 13. a3 cxd5 14. cxd5 Qb8 15. b4
axb4 16. axb4 Na4 17. Nxa4 Bxa4 18. Qd3 Bd7 19. f4 Be7 20. fxe5 dxe5 21. Bc5 b6
22. Bxe7 Rxe7 23. Rxf6 gxf6 24. Nh5 Kh8 25. Nxf6 b5 26. Rf1 Ra6 27. Qg3 Rxf6 28.
Rxf6 Qa7+ 29. Qf2 Qxf2+ 30. Kxf2 Kg7 31. Rb6 Re8 32. Bxb5 Bxb5 33. Rxb5 Rc8 34.
d6 Kf6 35. Rd5 Ke6 36. d7 Rd8 37. g4 f6 38. Kg3 Rxd7 39. Rxd7 Kxd7 40. Kh4 Kc6
41. Kh5 Kb5 42. Kh6 1-0

[Event "67th ch-RUS HL 2014"]
[Site "Vladivostok RUS"]
[Date "2014.06.07"]
[Round "4.24"]
[White "Muratov, Sergey"]
[Black "Rychkov, Oleg"]
[Result "0-1"]
[WhiteTitle "FM"]
[BlackTitle "FM"]
[WhiteElo "2219"]
[BlackElo "2333"]
[WhiteFideId "4131355"]
[BlackFideId "4122852"]
[EventDate "2014.06.04"]

1. d4 Nf6 2. c4 c6 3. Nf3 d5 4. Nc3 e6 5. e3 Nbd7 6. Bd3 dxc4 7. Bxc4 b5 8. Bb3
Bb7 9. O-O a5 10. Re1 b4 11. Na4 c5 12. e4 Rc8 13. d5 c4 14. Bc2 e5 15. Nh4 Nxd5
16. exd5 Qxh4 17. Bf5 Bd6 18. Bxd7+ Kxd7 19. Nb6+ Ke7 20. Nxc8+ Rxc8 21. Be3 c3
22. bxc3 bxc3 23. Rb1 Rc7 24. Qd3 Bc8 25. f4 Kf8 26. Rbc1 exf4 27. Bf2 Qf6 28.
Qxh7 g5 29. Qe4 Bf5 30. Bd4 Bc5 31. Bxc5+ Rxc5 32. Qa4 c2 33. Qa3 Qd4+ 34. Kh1
Kg7 35. Qb3 Qb4 36. Qxb4 axb4 37. d6 0-1

[Event "67th ch-RUS HL 2014"]
[Site "Vladivostok RUS"]
[Date "2014.06.08"]
[Round "5.1"]
[White "Tomashevsky, Evgeny"]
[Black "Khismatullin, Denis"]
[Result "1/2-1/2"]
[WhiteTitle "GM"]
[BlackTitle "GM"]
[WhiteElo "2695"]
[BlackElo "2671"]
[WhiteFideId "4147235"]
[BlackFideId "4142578"]
[EventDate "2014.06.04"]

1. d4 Nf6 2. c4 e6 3. g3 Bb4+ 4. Bd2 Bxd2+ 5. Qxd2 O-O 6. Bg2 d5 7. Nf3 Nbd7 8.
O-O c6 9. Rc1 b6 10. cxd5 cxd5 11. Nc3 Bb7 12. Rc2 Qe7 13. Rac1 Rfc8 14. Ne5 Qd8
15. Nb5 Rxc2 16. Qxc2 Ne8 17. Nc6 Bxc6 18. Qxc6 Ndf6 19. Rc3 a6 20. Nc7 Nxc7 21.
Qxc7 Ne8 22. Qxd8 Rxd8 23. e3 Kf8 24. Bf1 a5 25. Rc6 Rd6 26. Rc8 Ke7 27. Bb5 Rd8
28. Rc6 Rd6 29. Rc3 Kd8 30. a4 Nc7 31. b3 Kc8 32. Bd3 h6 33. f4 Kb7 34. Kf2 Rc6
35. Rxc6 Kxc6 36. h4 Kd6 37. g4 f6 38. Bb5 g5 39. hxg5 hxg5 40. Kf3 Ke7 41. Bd3
e5 42. fxe5 fxe5 43. Ke2 Kd6 44. Kd2 Ne6 1/2-1/2

[Event "67th ch-RUS HL 2014"]
[Site "Vladivostok RUS"]
[Date "2014.06.08"]
[Round "5.2"]
[White "Matlakov, Maxim"]
[Black "Zvjaginsev, Vadim"]
[Result "1/2-1/2"]
[WhiteTitle "GM"]
[BlackTitle "GM"]
[WhiteElo "2689"]
[BlackElo "2642"]
[WhiteFideId "4168003"]
[BlackFideId "4113403"]
[EventDate "2014.06.04"]

1. d4 d5 2. c4 e6 3. Nc3 Nf6 4. Bg5 Be7 5. e3 O-O 6. Rc1 h6 7. Bh4 c5 8. dxc5
dxc4 9. Bxc4 Qxd1+ 10. Rxd1 Bxc5 11. Nf3 Bb4 12. O-O Bxc3 13. bxc3 Nc6 14. Nd4
Bd7 15. Be2 Nxd4 16. cxd4 g5 17. Bg3 Ne4 18. Bf3 Bc6 19. Bxe4 Bxe4 20. f3 Bc6
21. e4 f6 22. d5 exd5 23. exd5 Bd7 24. Rc1 Rac8 25. Kf2 Rxc1 26. Rxc1 Rc8 27.
Rxc8+ Bxc8 28. Ke3 Kf7 29. Kd4 Bf5 30. Bb8 a6 31. a3 Ke7 32. f4 g4 33. g3 h5 34.
Ba7 Kd7 35. Bb6 Bc2 36. Kc5 Be4 37. Kd4 Bc2 38. Kc5 Be4 39. Kd4 Bc2 40. Kc5 Be4
41. a4 1/2-1/2

[Event "67th ch-RUS HL 2014"]
[Site "Vladivostok RUS"]
[Date "2014.06.08"]
[Round "5.3"]
[White "Lysyj, Igor"]
[Black "Grachev, Boris"]
[Result "1/2-1/2"]
[WhiteTitle "GM"]
[BlackTitle "GM"]
[WhiteElo "2670"]
[BlackElo "2661"]
[WhiteFideId "4150120"]
[BlackFideId "4129199"]
[EventDate "2014.06.04"]

1. d4 d5 2. c4 e6 3. Nf3 Nf6 4. g3 Bb4+ 5. Nbd2 O-O 6. a3 Be7 7. Bg2 b6 8. cxd5
exd5 9. O-O c5 10. dxc5 bxc5 11. e4 Bb7 12. exd5 Bxd5 13. Ne5 Bxg2 14. Kxg2 Qd5+
15. Qf3 Rc8 16. Ndc4 Qxf3+ 17. Kxf3 Nfd7 18. Nxd7 Nxd7 19. Bf4 Nb6 20. Rfc1 g5
21. Be3 Rab8 22. Rab1 Nxc4 23. Rxc4 Rb3 24. Rc3 Rcb8 25. Rxb3 Rxb3 26. Ke4 Kg7
27. Kd5 a5 28. Kc4 a4 29. Rd1 Rxb2 30. Rd7 Bf8 31. Ra7 Rc2+ 32. Kd5 Ra2 33. Rxa4
c4 34. Bd4+ f6 35. Ra7+ Kg6 36. a4 c3 37. Bxc3 Rxf2 38. Ra6 Be7 39. Ra7 Bd8 40.
Ra8 Bc7 41. Rg8+ Kf7 42. Rc8 Be5 43. Bxe5 fxe5 44. Kxe5 Rxh2 45. Kf5 h6 46. Rc7+
Ke8 47. Kg6 h5 48. Kxg5 Rh3 49. Kf4 h4 50. g4 Ra3 51. Rh7 1/2-1/2

[Event "67th ch-RUS HL 2014"]
[Site "Vladivostok RUS"]
[Date "2014.06.08"]
[Round "5.4"]
[White "Sjugirov, Sanan"]
[Black "Fedoseev, Vladimir3"]
[Result "0-1"]
[WhiteTitle "GM"]
[BlackTitle "GM"]
[WhiteElo "2645"]
[BlackElo "2662"]
[WhiteFideId "4189302"]
[BlackFideId "24130737"]
[EventDate "2014.06.04"]

1. e4 c5 2. Nf3 e6 3. d4 cxd4 4. Nxd4 a6 5. Nc3 d6 6. Be3 Nf6 7. Be2 Nbd7 8. g4
h6 9. f4 g5 10. f5 Ne5 11. h3 Qc7 12. Qd2 b5 13. a3 Rb8 14. fxe6 fxe6 15. Rf1
Be7 16. O-O-O Bd7 17. Rf2 O-O 18. Rdf1 Nc4 19. Bxc4 Qxc4 20. b3 Qc7 21. Qd3 Kg7
22. Kb2 Rbc8 23. Nce2 d5 24. exd5 Nxd5 25. Ng3 Rxf2 26. Nh5+ Kh8 27. Bxf2 Qd6
28. b4 Nf4 29. Nxf4 gxf4 30. Nf3 Bf6+ 31. Kb1 Qxd3 32. cxd3 Rc3 33. Bh4 Bg7 34.
d4 Rxa3 35. Be7 Bc6 36. Ne5 Bxe5 37. dxe5 f3 38. Bc5 Bd5 39. Rf2 Rc3 40. Kb2 Rc4
41. Rc2 Re4 42. Kc3 Kh7 43. Bd4 Bc4 0-1

[Event "67th ch-RUS HL 2014"]
[Site "Vladivostok RUS"]
[Date "2014.06.08"]
[Round "5.6"]
[White "Jakovenko, Dmitry"]
[Black "Nevostrujev, Vladimir"]
[Result "1-0"]
[WhiteTitle "GM"]
[BlackTitle "GM"]
[WhiteElo "2736"]
[BlackElo "2421"]
[WhiteFideId "4122356"]
[BlackFideId "4114345"]
[EventDate "2014.06.04"]

1. c4 c5 2. Nf3 g6 3. d4 cxd4 4. Nxd4 Nc6 5. e4 Nf6 6. Nc3 Nxd4 7. Qxd4 d6 8. f3
Bg7 9. Be3 O-O 10. Qd2 Be6 11. Rc1 Nd7 12. b3 Qa5 13. Nd5 Qxd2+ 14. Kxd2 Bxd5
15. cxd5 Rfc8 16. Bb5 Nc5 17. Rc2 a6 18. Be2 b5 19. b4 Nd7 20. Rxc8+ Rxc8 21.
Rc1 Rxc1 22. Kxc1 e6 23. a4 bxa4 24. dxe6 fxe6 25. Bxa6 Kf7 26. Bb5 a3 27. Kb1
Ke7 28. Ka2 Be5 29. Bg5+ Nf6 30. f4 Bb2 31. Bc6 Kd8 32. e5 Kc7 33. exf6 Kxc6 34.
f7 Bg7 35. Be7 Kd5 1-0

[Event "67th ch-RUS HL 2014"]
[Site "Vladivostok RUS"]
[Date "2014.06.08"]
[Round "5.7"]
[White "Alekseev, Evgeny"]
[Black "Bukavshin, Ivan"]
[Result "1/2-1/2"]
[WhiteTitle "GM"]
[BlackTitle "GM"]
[WhiteElo "2673"]
[BlackElo "2607"]
[WhiteFideId "4138147"]
[BlackFideId "4199758"]
[EventDate "2014.06.04"]

1. e4 c5 2. Nf3 e6 3. c3 d5 4. exd5 Qxd5 5. d4 Nf6 6. Be2 Nc6 7. O-O cxd4 8.
cxd4 Be7 9. Nc3 Qd6 10. Bg5 O-O 11. Rc1 Bd7 12. Nb5 Qb8 13. Bh4 Nd5 14. Bg3 Qd8
15. Nd6 Na5 16. Nb5 Nc6 17. Nd6 Na5 18. b4 Nxb4 19. Nxf7 Rxf7 20. Bc7 Qe8 21.
Bxa5 Ba4 22. Qd2 Nd5 23. Ne5 Rf6 24. Bf3 Bd6 25. Bxd5 exd5 26. Rfe1 Rc8 27. h3
b6 28. Bb4 Rxc1 29. Rxc1 Bb8 30. Qg5 Bxe5 31. dxe5 h6 32. Qe3 Rc6 33. Rxc6 Bxc6
34. Bc3 d4 35. Bxd4 Qg6 36. Qb3+ Kh7 37. f3 Bd7 38. Kh2 Be6 39. Qb2 Qf7 40. a3
Qf4+ 41. Kg1 Qg5 42. Kh1 Qf5 43. Qc3 h5 44. Be3 Qb1+ 45. Kh2 Qb3 46. Qc1 a5 47.
Bd4 Qd3 48. Bxb6 a4 49. Bc5 Kg6 50. Bf2 Kh7 51. Qc6 Qc4 52. Qe8 Bf7 53. Qe7 Qf4+
54. Bg3 Qf5 55. Qh4 Bb3 56. Qd4 Qe6 57. Be1 Qc4 58. Qe3 Qc6 59. Bd2 Be6 60. Qd3+
Kg8 61. Qg6 Qd7 62. Be1 Bf7 63. Qe4 Bd5 64. Qe3 Be6 65. g4 hxg4 66. hxg4 Kf7 67.
Kg3 Qd1 68. Bb4 Kg8 69. Bc5 Qd5 70. f4 Bc8 71. f5 Bb7 72. e6 Qg2+ 73. Kf4 Qh2+
74. Qg3 Qd2+ 75. Qe3 Qh2+ 76. Qg3 1/2-1/2

[Event "67th ch-RUS HL 2014"]
[Site "Vladivostok RUS"]
[Date "2014.06.08"]
[Round "5.8"]
[White "Shimanov, Aleksandr"]
[Black "Najer, Evgeniy"]
[Result "1/2-1/2"]
[WhiteTitle "GM"]
[BlackTitle "GM"]
[WhiteElo "2643"]
[BlackElo "2653"]
[WhiteFideId "4198603"]
[BlackFideId "4118987"]
[EventDate "2014.06.04"]

1. c4 e5 2. Nf3 Nc6 3. Nc3 Nf6 4. e3 Bb4 5. Qc2 Bxc3 6. bxc3 O-O 7. e4 d6 8. Be2
Ne7 9. O-O Ng6 10. Re1 Qe7 11. d3 h6 12. Nd2 Nh7 13. Nf1 f5 14. exf5 Nh4 15. Ng3
Nxf5 16. Bf3 c6 17. d4 Nxg3 18. hxg3 Bf5 19. Qe2 Rae8 20. dxe5 dxe5 21. Bh5 g6
22. Bg4 h5 23. Bxf5 Rxf5 24. Be3 Nf6 25. Rad1 c5 26. Rd3 Qf7 27. Qb2 Qxc4 28.
Qb3 Qxb3 29. axb3 b6 30. Ra1 e4 31. Rd6 Re7 32. c4 Kf7 33. Rad1 Ng4 34. Rd8 Nxe3
35. fxe3 Kf6 36. Kh2 Kg5 37. R8d2 Kg4 38. Rd6 g5 39. R1d2 Rf1 40. Rg6 Rf5 41.
Rdd6 h4 42. gxh4 Rh7 43. Rh6 Rxh6 44. Rxh6 Rf2 45. h5 Re2 46. Rh7 Rxe3 47. h6
Kh5 48. Rxa7 Kxh6 49. b4 cxb4 50. Ra6 Kh5 51. Rxb6 b3 52. c5 Kh4 53. Rb8 Rc3 54.
c6 e3 55. Rb4+ g4 56. g3+ Kg5 57. Kg2 Kf5 58. Kf1 Rxc6 59. Ke2 Rc3 60. Rf4+ Kg5
61. Rb4 Kf5 62. Rf4+ Kg5 63. Rb4 Rc2+ 64. Kxe3 Rc3+ 65. Kf2 Rf3+ 66. Kg2 Rd3 67.
Kf2 Kf5 68. Rf4+ Ke5 69. Rxg4 Kd5 70. Ke2 b2 71. Rb4 Rxg3 72. Kd2 Kc5 73. Rxb2
Rg2+ 74. Kc3 Rxb2 75. Kxb2 1/2-1/2

[Event "67th ch-RUS HL 2014"]
[Site "Vladivostok RUS"]
[Date "2014.06.08"]
[Round "5.9"]
[White "Maletin, Pavel"]
[Black "Riazantsev, Alexander"]
[Result "0-1"]
[WhiteTitle "GM"]
[BlackTitle "GM"]
[WhiteElo "2588"]
[BlackElo "2692"]
[WhiteFideId "4146786"]
[BlackFideId "4125029"]
[EventDate "2014.06.04"]

1. c4 e6 2. d4 Nf6 3. Nc3 Bb4 4. Nf3 b6 5. e3 O-O 6. Bd3 d5 7. O-O Bb7 8. cxd5
exd5 9. Ne5 Bd6 10. f4 c5 11. Bd2 Nc6 12. Ne2 Ne7 13. Ng3 Ne4 14. Bc3 Nxc3 15.
bxc3 Qc8 16. Rc1 c4 17. Bc2 f5 18. a4 Bc6 19. Rb1 Bd7 20. Qf3 Be6 21. Ne2 Rb8
22. h3 a6 23. Kh1 b5 24. axb5 Rxb5 25. Rxb5 axb5 26. g4 fxg4 27. Nxg4 Bf5 28. e4
Bxe4 29. Bxe4 dxe4 30. Qxe4 h5 31. Nf2 Qf5 32. Ng3 Qd5 33. Qxd5+ Nxd5 34. Nfe4
h4 35. Nxd6 hxg3 36. Rf3 b4 37. Nxc4 bxc3 38. Rxg3 c2 0-1

[Event "67th ch-RUS HL 2014"]
[Site "Vladivostok RUS"]
[Date "2014.06.08"]
[Round "5.10"]
[White "Moiseenko, Vadim"]
[Black "Inarkiev, Ernesto"]
[Result "0-1"]
[WhiteTitle "IM"]
[BlackTitle "GM"]
[WhiteElo "2474"]
[BlackElo "2682"]
[WhiteFideId "4123700"]
[BlackFideId "4162722"]
[EventDate "2014.06.04"]

1. e4 c5 2. Nf3 d6 3. Nc3 Nf6 4. Bb5+ Nbd7 5. O-O g6 6. d4 cxd4 7. Qxd4 Bg7 8.
e5 dxe5 9. Nxe5 O-O 10. Nxd7 Bxd7 11. Bxd7 Qxd7 12. Qb4 a5 13. Qh4 Qf5 14. Qa4
Rfc8 15. h3 Nd7 16. Be3 b5 17. Nxb5 Bxb2 18. Nd4 Qd5 19. Rad1 Nf6 20. Nc6 Qe6
21. Na7 Rc3 22. Bh6 Qb6 23. Nb5 Rcc8 24. Rfe1 Qc5 25. c4 Qh5 26. Be3 Be5 27. c5
e6 28. Nd6 Rd8 29. Qc6 Nd5 30. Bd4 Bxd4 31. Rxd4 Ra7 32. Nb5 Rad7 33. Red1 Qe2
34. Nc3 Nxc3 35. Rxd7 Rxd7 36. Rxd7 Qe1+ 37. Kh2 Ne2 38. h4 Qg1+ 39. Kh3 Qxf2
40. Qd6 h5 41. Qb8+ Kh7 42. Rxf7+ Qxf7 43. c6 0-1

[Event "67th ch-RUS HL 2014"]
[Site "Vladivostok RUS"]
[Date "2014.06.08"]
[Round "5.11"]
[White "Khairullin, Ildar"]
[Black "Gabrielian, Artur"]
[Result "1/2-1/2"]
[WhiteTitle "GM"]
[BlackTitle "GM"]
[WhiteElo "2648"]
[BlackElo "2544"]
[WhiteFideId "4151348"]
[BlackFideId "4131002"]
[EventDate "2014.06.04"]

1. d4 Nf6 2. Nf3 e6 3. c4 c5 4. e3 cxd4 5. exd4 d5 6. Nc3 Bb4 7. Bd3 dxc4 8.
Bxc4 O-O 9. O-O a6 10. a4 Nc6 11. Bg5 Be7 12. Re1 h6 13. Bh4 Bd7 14. Qe2 Rc8 15.
Rad1 Nd5 16. Bxd5 Bxh4 17. Be4 Re8 18. d5 exd5 19. Rxd5 Bf6 20. Qd2 Nb8 21. Bf5
Rxe1+ 22. Nxe1 Rc7 23. Nf3 Qe7 24. Rxd7 Rxd7 25. Nd5 Rxd5 26. Qxd5 Bxb2 27. g3
Bf6 28. Bc8 Nc6 29. Bd7 Nd8 30. Kg2 g6 31. Nd2 Qe5 32. Qxe5 Bxe5 33. Nc4 Bc7 34.
Bc8 b5 35. axb5 axb5 36. Nd2 b4 37. Nb3 Bb6 38. Ba6 Nc6 39. Bb5 Ne7 40. Bc4 Kg7
41. Nc1 Nc6 42. Bd5 Nd4 43. Bc4 f5 44. Nb3 Nc6 45. f4 g5 46. fxg5 hxg5 47. h3
Ne5 48. Bd5 Kf6 49. Nd2 Nd3 50. Bc4 Ne1+ 51. Kf1 Nc2 52. Ke2 Nd4+ 53. Kd3 Nc6
54. Bd5 Ne7 55. Bb7 Ng6 56. Kc4 Bc7 57. g4 Bf4 58. Nf1 fxg4 59. hxg4 Bd6 60. Ne3
Ke5 61. Nc2 Kf4 62. Nxb4 Ne5+ 63. Kc3 Nxg4 64. Nc2 Ne5 65. Bc8 Nf3 66. Kd3 Bc5
67. Ke2 g4 68. Ne1 Nd4+ 69. Kf1 Ba7 70. Nd3+ Ke3 71. Bxg4 Kxd3 72. Kg2 Ke3 73.
Kg3 Bb8+ 74. Kg2 Kf4 75. Bd7 Ba7 76. Ba4 Nf5 77. Bd7 Ne3+ 78. Kh3 Ke5 1/2-1/2

[Event "67th ch-RUS HL 2014"]
[Site "Vladivostok RUS"]
[Date "2014.06.08"]
[Round "5.12"]
[White "Kobalia, Mikhail"]
[Black "Shomoev, Anton"]
[Result "1/2-1/2"]
[WhiteTitle "GM"]
[BlackTitle "GM"]
[WhiteElo "2627"]
[BlackElo "2574"]
[WhiteFideId "4119150"]
[BlackFideId "4135148"]
[EventDate "2014.06.04"]

1. Nf3 d5 2. c4 e6 3. b3 Nf6 4. g3 Be7 5. Bb2 O-O 6. Bg2 b6 7. O-O Bb7 8. e3
Nbd7 9. Nc3 c5 10. Qe2 Qc7 11. Nh4 Ne4 12. cxd5 exd5 13. Nb5 Qc6 14. Nf5 Bf6 15.
f3 Ba6 16. Bxf6 Qxb5 17. Qxb5 Bxb5 18. Bxg7 Bxf1 19. Rxf1 Nd6 20. Bxf8 Nxf5 21.
Bh3 Nxg3 22. hxg3 Nxf8 23. Kf2 Rd8 24. f4 Nd7 25. Bxd7 Rxd7 26. Rh1 Kg7 27. g4
f6 28. Rh5 h6 29. Ke2 Kg6 30. Kd3 Rd8 31. Kc3 d4+ 32. Kc2 dxe3 33. dxe3 Re8 34.
Kd3 Rd8+ 35. Kc2 Re8 36. Kd3 Rd8+ 37. Ke2 Rd7 38. Rh1 Rd8 39. Rc1 Rd7 40. a4 Rd5
41. Rh1 Kg7 42. Rc1 Kg6 43. a5 h5 44. gxh5+ Rxh5 45. Kd3 c4+ 46. Rxc4 Rxa5 47.
e4 Ra3 48. Kc3 Ra1 49. Kb4 a5+ 50. Kb5 Ra3 51. Rc3 a4 52. Kb4 Rxb3+ 53. Rxb3
axb3 54. Kxb3 Kh5 55. Kc4 b5+ 56. Kxb5 Kg4 57. e5 fxe5 58. fxe5 Kf5 59. e6 Kxe6 1/2-1/2

[Event "67th ch-RUS HL 2014"]
[Site "Vladivostok RUS"]
[Date "2014.06.08"]
[Round "5.13"]
[White "Stukopin, Andrey"]
[Black "Potkin, Vladimir"]
[Result "1-0"]
[WhiteTitle "GM"]
[BlackTitle "GM"]
[WhiteElo "2546"]
[BlackElo "2621"]
[WhiteFideId "24107131"]
[BlackFideId "4131061"]
[EventDate "2014.06.04"]

1. e4 c5 2. Nf3 e6 3. d4 cxd4 4. Nxd4 Nc6 5. Nc3 a6 6. Be2 d6 7. O-O Bd7 8. Be3
Nf6 9. f4 Be7 10. Qe1 O-O 11. Rd1 Qc7 12. Qg3 Nxd4 13. Bxd4 Bc6 14. a4 Rad8 15.
Kh1 b5 16. axb5 axb5 17. Nxb5 Bxb5 18. Bxb5 Qxc2 19. Rfe1 Qc7 20. Rc1 Qb8 21.
Bc6 Nh5 22. Qc3 Bf6 23. Bxf6 Nxf6 24. b4 d5 25. e5 d4 26. Qc5 Nd5 27. b5 Nxf4
28. Rcd1 d3 29. Re4 Ng6 30. Rd2 f6 31. exf6 Rxf6 32. g3 e5 33. Re3 h5 34. Rexd3
Rdf8 35. Rd7 Kh8 36. Kg2 h4 37. Qa7 Qxa7 38. Rxa7 e4 39. Bxe4 Ne5 40. Rd5 Nc4
41. Rh5+ Rh6 42. Rxh6+ gxh6 43. Rh7+ Kg8 44. Rxh6 hxg3 45. hxg3 Kg7 46. Rg6+ Kf7
47. Rc6 Ne5 48. Bd5+ Kg7 49. Rc7+ Kf6 50. b6 1-0

[Event "67th ch-RUS HL 2014"]
[Site "Vladivostok RUS"]
[Date "2014.06.08"]
[Round "5.14"]
[White "Demchenko, Anton"]
[Black "Looshnikov, Nikolai"]
[Result "1-0"]
[WhiteTitle "GM"]
[BlackTitle "IM"]
[WhiteElo "2613"]
[BlackElo "2480"]
[WhiteFideId "4160258"]
[BlackFideId "4150104"]
[EventDate "2014.06.04"]

1. e4 e5 2. Nf3 Nc6 3. Bc4 Nf6 4. Ng5 d5 5. exd5 Na5 6. Bb5+ c6 7. dxc6 bxc6 8.
Bd3 Be7 9. O-O h6 10. Ne4 Nd5 11. Re1 O-O 12. Ng3 Qc7 13. Bf5 Ba6 14. d3 Rfe8
15. Nc3 Bf8 16. Be4 Rad8 17. Nf5 Bc8 18. g3 Nf6 19. Qf3 Nxe4 20. Nxe4 Re6 21.
Bd2 c5 22. Bxa5 Qxa5 23. Ne3 Qa6 24. h4 g6 25. h5 Rd4 26. b3 Rd7 27. hxg6 fxg6
28. Nc4 Rf7 29. Qe3 Qc6 30. f3 Qd5 31. Kg2 Rf5 32. Qd2 Qd7 33. Ne3 Bb7 34. Rad1
Ra6 35. a4 Qd4 36. Rh1 Rf7 37. Rh4 Qd8 38. Rdh1 g5 39. R4h2 Raf6 40. Qe2 Rxf3
41. Qxf3 Rxf3 42. Kxf3 Qf6+ 43. Ke2 Qg6 44. Rf2 Bxe4 45. dxe4 c4 46. Rd1 Be7 47.
Rf5 Qh5+ 48. g4 Qh2+ 49. Rf2 Qh3 50. Rd5 cxb3 51. cxb3 Qh1 52. Rxe5 Bb4 53. Rd5
Qxe4 54. Rd8+ Kh7 55. Rf7+ Kg6 56. Rc7 a5 57. Rb8 Qe6 58. Rbc8 Qe4 59. Rc6+ Kg7
60. R8c7+ Be7 61. Rb6 Qe5 62. Rbb7 Qh2+ 63. Kd3 Qd6+ 64. Kc2 Qh2+ 65. Kb1 Qg1+
66. Kb2 Qf2+ 67. Nc2 Qf6+ 68. Ka2 Kf8 69. Rxe7 Qxe7 70. Rxe7 Kxe7 71. b4 axb4
72. Kb3 1-0

[Event "67th ch-RUS HL 2014"]
[Site "Vladivostok RUS"]
[Date "2014.06.08"]
[Round "5.15"]
[White "Vorobiov, Evgeny E."]
[Black "Iskusnyh, Sergei"]
[Result "1-0"]
[WhiteTitle "GM"]
[BlackTitle "GM"]
[WhiteElo "2587"]
[BlackElo "2478"]
[WhiteFideId "4121341"]
[BlackFideId "4120027"]
[EventDate "2014.06.04"]

1. d4 d5 2. c4 c6 3. Nf3 Nf6 4. Qb3 dxc4 5. Qxc4 Bf5 6. g3 e6 7. Bg2 Nbd7 8. O-O
Be7 9. Nc3 O-O 10. Re1 h6 11. e4 Bh7 12. Qe2 Bb4 13. Ne5 Nxe5 14. dxe5 Nd7 15.
f4 Nc5 16. Rd1 Qa5 17. Bd2 Rfd8 18. a3 Bxc3 19. Bxc3 Qb5 20. Qxb5 cxb5 21. Bb4
b6 22. Bxc5 bxc5 23. Rd6 Kf8 24. Rad1 Ke7 25. Kf2 Rab8 26. Ke3 a5 27. Bf1 b4 28.
a4 f6 29. Bb5 fxe5 30. fxe5 Bg6 31. Rd7+ Rxd7 32. Rxd7+ Kf8 33. Rc7 Rd8 34. Bd3
Ra8 35. Bc4 Bf7 36. Rxc5 Ra7 37. b3 Ke7 38. Rc6 Bg8 39. Kd4 Rd7+ 40. Kc5 Rd2 41.
Rc7+ Kf8 42. Kb6 g5 43. Kxa5 Rxh2 44. Kxb4 Bf7 45. a5 Ra2 46. a6 Bg6 47. Bd3 h5
48. a7 Be8 49. Bb5 Bxb5 50. Kxb5 1-0

[Event "67th ch-RUS HL 2014"]
[Site "Vladivostok RUS"]
[Date "2014.06.08"]
[Round "5.16"]
[White "Airapetian, Gor"]
[Black "Belous, Vladimir"]
[Result "1-0"]
[WhiteTitle "IM"]
[BlackTitle "GM"]
[WhiteElo "2472"]
[BlackElo "2586"]
[WhiteFideId "4177916"]
[BlackFideId "4174003"]
[EventDate "2014.06.04"]

1. d4 Nf6 2. c4 g6 3. Nc3 Bg7 4. e4 d6 5. Nf3 O-O 6. Be2 Na6 7. Bg5 h6 8. Bh4 e5
9. d5 Qe8 10. Nd2 Nh7 11. O-O h5 12. f3 Bh6 13. Rb1 Be3+ 14. Bf2 Bxf2+ 15. Rxf2
Nf6 16. b4 h4 17. c5 Nh5 18. c6 Nf4 19. cxb7 Bxb7 20. Qa4 Qc8 21. Rc1 Nb8 22.
Nb5 Qd8 23. Nxc7 Qg5 24. Qd1 Nh3+ 25. Kf1 Nxf2 26. Kxf2 Nd7 27. Nxa8 Bxa8 28.
Nc4 h3 29. g3 f5 30. Qd2 Qe7 31. Qh6 Qf7 32. exf5 1-0

[Event "67th ch-RUS HL 2014"]
[Site "Vladivostok RUS"]
[Date "2014.06.08"]
[Round "5.17"]
[White "Evdokimov, Alexander A."]
[Black "Gochelashvili, David"]
[Result "1-0"]
[WhiteTitle "GM"]
[BlackTitle "IM"]
[WhiteElo "2548"]
[BlackElo "2431"]
[WhiteFideId "4139275"]
[BlackFideId "4161203"]
[EventDate "2014.06.04"]

1. d4 Nf6 2. c4 c5 3. d5 e6 4. Nc3 exd5 5. cxd5 d6 6. Nf3 g6 7. Nd2 a6 8. a4
Nbd7 9. e4 Qe7 10. Be2 Bg7 11. O-O O-O 12. Re1 Rb8 13. Qc2 Ne5 14. h3 g5 15. Nf1
h6 16. f4 gxf4 17. Bxf4 Ng6 18. Bg3 Nh7 19. Bd3 Be5 20. Qd2 Ng5 21. Kh1 Kh8 22.
Ne2 Rg8 23. Ne3 Bxh3 24. gxh3 Nf3 25. Qc1 Nf4 26. Nf5 Rxg3 27. Nexg3 Qf6 28. Rf1
Nxd3 29. Qe3 Bxg3 30. Rxf3 Qxb2 31. Qxh6+ 1-0